Bibliography on workers education (Record no. 487214)

000 -LEADER
fixed length control field 00424cam a22001337a 4500
008 - FIXED-LENGTH DATA ELEMENTS--GENERAL INFORMATION
fixed length control field 180718b1959 xxu||||| |||| 00| 0 eng d
082 ## - DEWEY DECIMAL CLASSIFICATION NUMBER
Classification number A2:R In2/7
245 ## - TITLE STATEMENT
Title Bibliography on workers education
Statement of responsibility, etc. edited by P.N. Kaula
260 ## - PUBLICATION, DISTRIBUTION, ETC.
Place of publication, distribution, etc. New Delhi
Name of publisher, distributor, etc. Ministry of Labour and Employment
Date of publication, distribution, etc. 1959
300 ## - PHYSICAL DESCRIPTION
Extent 48+p.
500 ## - GENERAL NOTE
General note Bibliographical Series, 7
700 ## - ADDED ENTRY--PERSONAL NAME
Personal name India. Ministry of Labour and Employment
700 ## - ADDED ENTRY--PERSONAL NAME
Personal name Kaula, P.N.
Holdings
Withdrawn status Lost status Damaged status Not for loan Permanent Location Current Location Date acquired Full call number Barcode Date last seen Price effective from Koha item type
        Indian Institute of Public Administration Indian Institute of Public Administration 2018-08-04 A2:R In2/7 GR2951 2018-08-04 2018-08-04 GR

Powered by Koha